<?xml version="1.0" encoding="utf-8"?>
<?xml-stylesheet type='text/xsl' href='./oai2.xsl'?>
<OAI-PMH xmlns="http://www.openarchives.org/OAI/2.0/" xmlns:xsi="http://www.w3.org/2001/XMLSchema-instance" xsi:schemaLocation="http://www.openarchives.org/OAI/2.0/ http://www.openarchives.org/OAI/2.0/OAI-PMH.xsd">
  <responseDate>2026-05-16T02:23:22Z</responseDate>
  <request verb="GetRecord" metadataPrefix="marcxml" identifier="record_kuniweb_942907">https://kulturerbe.niedersachsen.de/oai</request>
  <GetRecord>
    <record>
      <header>
        <identifier>record_kuniweb_942907</identifier>
        <datestamp>2025-12-10T11:22:40Z</datestamp>
        <setSpec>slg0190</setSpec>
      </header>
      <metadata>
        <marc:record xmlns:marc="http://www.loc.gov/MARC21/slim" xsi:schemaLocation="http://www.loc.gov/MARC21/slim http://www.loc.gov/standards/marcxml/schema/MARC21slim.xsd">
          <marc:leader>12345nrm  22     uu 4500</marc:leader>
          <marc:controlfield tag="001">942907</marc:controlfield>
          <marc:controlfield tag="003">http://kuniweb.gbv.de</marc:controlfield>
          <marc:controlfield tag="005">2017-01-05T13:30:54</marc:controlfield>
          <marc:controlfield tag="008">|           ||||||||||||||||||||||</marc:controlfield>
          <marc:datafield tag="245" ind1="1" ind2="0">
            <marc:subfield code="a">Beutel für Gebetsriemen</marc:subfield>
          </marc:datafield>
          <marc:datafield tag="655" ind1=" " ind2="7">
            <marc:subfield code="a">Alltagskultur</marc:subfield>
          </marc:datafield>
          <marc:datafield tag="046" ind1=" " ind2=" ">
            <marc:subfield code="k">1700-01-01</marc:subfield>
            <marc:subfield code="k">17. Jahrhundert / 18. Jahrhundert</marc:subfield>
            <marc:subfield code="l">1899-12-31</marc:subfield>
          </marc:datafield>
          <marc:datafield tag="260" ind1=" " ind2=" ">
            <marc:subfield code="g">1700-01-01</marc:subfield>
            <marc:subfield code="g">1899-12-31</marc:subfield>
            <marc:subfield code="g">17. Jahrhundert / 18. Jahrhundert</marc:subfield>
          </marc:datafield>
          <marc:datafield tag="300" ind1=" " ind2=" ">
            <marc:subfield code="a">Höhe: 16,5 cm
Breite: 11,5 cm</marc:subfield>
          </marc:datafield>
          <marc:datafield tag="520" ind1=" " ind2=" ">
            <marc:subfield code="a">Beutel für Gebetsriemen (hebr. tefillin). Aus cremefarbenem Seidengewebe mit Moiré-artiger Musterung. Futter aus hellem Leinenstoff. An der oberen Öffnung mit schmaler Borte aus Silberlahn gesäumt, der restliche Beutel am Rand mit üppigen Fransen aus Silberlahnkordeln besetzt. Der Beutel kann oben mit einem cremefarbenen Seidenband zusammengezogen und so verschlossen werden. An den Enden des Verschlussbandes große Quasten aus Silberlahnkordel. Auf eine Seite des Beutels sind mit Silberlahn die hebräische Buchstaben yud und resch aufgestickt; sie stehen für hebr. yad, "Hand" und rosch, "Kopf". Dies bezieht sich auf die teffilin schel yad und tefillin schel rosch, die Gebetsriemen für den Arm und den Kopf (vgl. Beispiele in der genisa von Niederzissen/Eifel).
 (Städtisches Museum Göttingen)

Beschrieben in:
„Jüdisches Kulturgerät im Lande Niedersachsen : Ausstellung im jüdischen Kulturzentrum Hannover, Haeckelstraße 10“. Goltze, Göttingen, 1969. (Waldemar Röhrbein, Jüdisches Kultgerät, Göttingen 1968, S. 7, Nr. 4.)

Beschrieben in:
„700 Jahre Juden in Südniedersachsen - Geschichte und religiöses Leben : Ausstellung im Städtischen Museum Göttingen vom 14. Oktober bis 9. Dezember 1973. Siebenhundert Jahre Juden in Südniedersachsen - Geschichte und religiöses Leben“. Städt. Museum, Göttingen, 1973. (Waldemar Röhrbein, 700 Jahre Juden in Südniedersachsen, Göttingen 1973, S. 73, Nr. 239.)</marc:subfield>
          </marc:datafield>
          <marc:datafield tag="650" ind1="1" ind2=" ">
            <marc:subfield code="a">Häusliche Ausstattung (Jüdische Zeremonialobjekte)</marc:subfield>
          </marc:datafield>
          <marc:datafield tag="773" ind1="0" ind2=" ">
            <marc:subfield code="t">Judaica</marc:subfield>
          </marc:datafield>
          <marc:datafield tag="852" ind1=" " ind2=" ">
            <marc:subfield code="a">Städtisches Museum Göttingen</marc:subfield>
          </marc:datafield>
          <marc:datafield tag="" ind1=" " ind2=" ">
            <marc:subfield code="a">Namensnennung - Nicht kommerziell - Keine Bearbeitungen 4.0 International (CC BY-NC-ND 4.0)</marc:subfield>
          </marc:datafield>
        </marc:record>
      </metadata>
    </record>
  </GetRecord>
</OAI-PMH>
